000 00924nam a22001697a 4500
999 _c59271
_d59271
005 20221227104826.0
008 221227s1984ru xxu||||| |||| 00| 0 rus d
041 _arus
080 _a34 (031) Ю-70
245 _aЮридический энциклопедический словарь
_b[1000 статей] /
_cГл. Ред. А. Я. Сухарев,
264 _aМосква :
_b Советская энциклопедия,
_c 1984
300 _a416 с.
_b25 см.
653 _aВ Юридическом энциклопедическом словаре, включающем свыше 1000 статей, освещаются основные положения действующего советского права.
653 _aიურიდიული ენციკლოპედია
700 _aСухарев, А.Я.
_eმთავარი რედაქტორი
_916592
942 _2udc
_cBK